| 000 | 00592nam a2200217 a 4500 | ||
|---|---|---|---|
| 005 | 20210219152842.0 | ||
| 008 | 991125n 000 0 eng u | ||
| 035 | _aUPN01000063190 | ||
| 100 | _aFrager, Alan M. | ||
| 222 | _aJOURNAL OF READING | ||
| 245 | _aAffective dimensions of content area reading | ||
| 300 | _a616-622 | ||
| 362 | _a1993 36, No. 8 | ||
| 505 | _aSeptiembre 1993 | ||
| 653 | 0 | _aLECTURA DEL AREA DEL CONTENIDO | |
| 653 | 0 | _aLIBROS DE TEXTO | |
| 653 | 0 | _aMOTIVACION DEL ESTUDIANTE | |
| 653 | 0 | _aPROCESOS DE LECTURA | |
| 904 |
_aAC _b001001 |
||
| 905 | _aArticulo | ||
| 999 |
_c62014 _d62014 |
||